000
00318nam a22001337a 4500
003
OSt
008
250215b |||||||| |||| 00| 0 eng d
041
_a
eng
100
_a
Sukumar, DE
_9
1580
245
_a
Outlines of Diary Technology
250
_a
1st
260
_a
Delhi:
_b
Oxford University Press,
_c
1997.
942
_c
BK
999
_c
19391
_d
19391